[Event "AUTO-OPEN-1776"]
[Site "http://www.queenalice.com/game.php?id=689169"]
[Date "2009.11.26"]
[Round "1"]
[White "edugabriel"]
[Black "gandolfo1341"]
[Result "0-1"]
[WhiteElo "1513"]
[BlackElo "1545"]

1. e4 d5 2. Nc3 dxe4 3. d4 Nf6 4. Bf4 c6 5. f3 exf3 6. Bxb8 fxg2 7. Bxg2 Rxb8 8.
Qd2 Qa5 9. O-O-O e6 10. Kb1 Bb4 11. Qd3 Bxc3 12. bxc3 Bd7 13. c4 O-O 14. Nf3 b5
15. Kc1 Qxa2 16. Rhf1 bxc4 17. Qxc4 Qxc4 18. Ne5 Qe2 19. Nxd7 Nxd7 20. Bxc6 Nf6
21. h4 Qe3+ 22. Rd2 Rb1+ 23. Kxb1 Qxd2 24. h5 Rb8+ 25. Ka2 Qa5+ 26. Ba4 Qxa4#
0-1

[Event "AUTO-OPEN-1776"]
[Site "http://www.queenalice.com/game.php?id=689170"]
[Date "2009.11.26"]
[Round "1"]
[White "gandolfo1341"]
[Black "edugabriel"]
[Result "1-0"]
[WhiteElo "1513"]
[BlackElo "1593"]

1. e4 e5 2. Nf3 Nc6 3. Bb5 Nd4 4. Nxd4 exd4 5. O-O Nf6 6. d3 c6 7. Bc4 d5 8.
exd5 cxd5 9. Bb5+ Bd7 10. Bxd7+ Qxd7 11. Bg5 Ng4 12. Re1+ Be7 13. Rxe7+ Qxe7 14.
Bxe7 Kxe7 15. Qxg4 Rac8 16. Qxd4 Rhe8 17. Nc3 Rc7 18. Re1+ Kf8 19. Rxe8+ Kxe8
20. Qxd5 Rxc3 21. bxc3 Kf8 22. Qd8# 1-0

[Event "AUTO-OPEN-1776"]
[Site "http://www.queenalice.com/game.php?id=689171"]
[Date "2009.11.26"]
[Round "1"]
[White "edugabriel"]
[Black "drd123"]
[Result "0-1"]
[WhiteElo "1500"]
[BlackElo "2028"]

1. e4 e5 2. Nf3 Nc6 3. Nc3 Nf6 4. Bc4 Bb4 5. Ng5 O-O 6. Nd5 Nxd5 7. Qg4 Nf6 8.
Qh3 d5 9. Qh4 dxc4 10. a3 Be7 11. b4 cxb3 12. cxb3 h6 13. Nf3 Be6 14. b4 Nd4 15.
O-O Nxf3+ 16. gxf3 Nh7 17. Qg3 f5 18. d3 f4 19. Qg2 Qd7 20. Bb2 Bd6 21. Kh1 Bh3
22. Qg1 Bxf1 23. Rxf1 Qh3 24. d4 Qxf3+ 25. Qg2 Qxg2+ 26. Kxg2 Rae8 27. dxe5 Bxe5
28. Bxe5 Rxe5 29. f3 Rd8 30. Kh3 Rd2 31. Kg4 g5 32. Rh1 Nf6+ 33. Kh3 h5 34. Rc1
g4+ 35. Kh4 Rxh2# 0-1

[Event "AUTO-OPEN-1776"]
[Site "http://www.queenalice.com/game.php?id=689172"]
[Date "2009.11.26"]
[Round "1"]
[White "drd123"]
[Black "edugabriel"]
[Result "1-0"]
[WhiteElo "2025"]
[BlackElo "1500"]

1. Nf3 e6 2. g3 Nf6 3. Bg2 Bc5 4. O-O c6 5. d4 Bd6 6. Nc3 c5 7. dxc5 Bxc5 8. Bg5
Qb6 9. Na4 Qb5 10. Nxc5 Qxc5 11. Bxf6 gxf6 12. c3 Nc6 13. Nd4 Na5 14. b4 Qxc3
15. bxa5 Rb8 16. Nb5 Qc4 17. Nd6+ Kd8 18. Nxc4 d5 19. e4 Bd7 20. exd5 e5 21. Nd6
Ke7 22. Ne4 Bb5 23. d6+ Ke6 24. Qb3+ Kf5 25. g4+ Kxg4 26. Qf3+ Kh4 27. Qh3# 1-0

[Event "MASSACHUTES II"]
[Site "http://www.queenalice.com/game.php?id=689420"]
[Date "2009.11.27"]
[Round "-"]
[White "perucona"]
[Black "edugabriel"]
[Result "0-1"]
[WhiteElo "1581"]
[BlackElo "1500"]

1. e4 e6 2. d4 Nf6 3. e5 Nd5 4. c4 Nb6 5. c5 Nd5 6. Nc3 c6 7. Nxd5 cxd5 8. Nf3
Nc6 9. Bg5 Qa5+ 10. Bd2 Qd8 11. Bb4 Nxb4 12. Rc1 Nxa2 13. Ra1 Qa5+ 14. Qd2 Qa4
15. Bd3 g6 16. O-O b6 17. Bc2 Qa6 18. Bd3 Bh6 19. Qxh6 Qxd3 20. Rxa2 Ba6 21. b3
Qxf1# 0-1

[Event "MASSACHUTES III"]
[Site "http://www.queenalice.com/game.php?id=689421"]
[Date "2009.11.27"]
[Round "-"]
[White "perucona"]
[Black "edugabriel"]
[Result "0-1"]
[WhiteElo "1541"]
[BlackElo "1565"]

1. e4 e5 2. d4 Nc6 3. d5 Nb4 4. Qd2 Nf6 5. Nc3 a6 6. a3 Nxc2+ 7. Qxc2 b5 8. Nf3
b4 9. axb4 Bxb4 10. Bd2 d6 11. Ra4 a5 12. Bb5+ Bd7 13. O-O Bc5 14. Be3 Bxe3 15.
Bxd7+ Nxd7 16. fxe3 O-O 17. g4 h6 18. b3 Nc5 19. Ra3 c6 20. dxc6 Qb6 21. Qb2
Qxc6 22. Rfa1 Nxe4 23. Nxe4 Qxe4 24. Nh4 g5 25. Ng2 Rfc8 26. b4 Rc2 27. Qxc2
Qxc2 28. R3a2 Qc4 29. bxa5 Qxg4 30. a6 d5 31. a7 Qc8 32. Kf2 f5 33. h3 f4 34.
exf4 gxf4 35. Ne1 e4 36. Ng2 f3 37. Nf4 Kh7 38. h4 Qf5 39. Nxd5 Qxd5 40. Ke3 f2
41. Kxf2 Qd4+ 42. Ke2 Qd3+ 43. Kf2 e3+ 44. Ke1 Qc3+ 45. Ke2 Qc4+ 46. Kxe3 Re8+
47. Kf3 Qe4+ 48. Kf2 Qf4+ 49. Kg2 Rg8+ 50. Kh3 Qg3# 0-1

[Event "Challenge"]
[Site "http://www.queenalice.com/game.php?id=703864"]
[Date "2009.12.26"]
[Round "-"]
[White "horsemen"]
[Black "edugabriel"]
[Result "0-1"]
[WhiteElo "1377"]
[BlackElo "1539"]

1. c4 e5 2. Nf3 Nc6 3. d3 Nf6 4. Bg5 d6 5. Qa4 Bd7 6. Nc3 d5 7. cxd5 Nb4 8. Qb3
c6 9. Ne4 cxd5 10. Nxf6+ gxf6 11. Bh4 Qa5 12. Bxf6 Nc2+ 13. Kd1 Ba4 14. Qc4
Nxa1+ 15. Qb3 Nxb3 16. axb3 Bxb3+ 17. Kc1 Bh6+ 18. e3 Rc8+ 19. Kb1 Qa2# 0-1

[Event "Challenge"]
[Site "http://www.queenalice.com/game.php?id=704025"]
[Date "2009.12.27"]
[Round "-"]
[White "LKap"]
[Black "edugabriel"]
[Result "1-0"]
[WhiteElo "1572"]
[BlackElo "1622"]

1. Nf3 d5 2. Nc3 Nf6 3. d3 Nc6 4. Bg5 e5 5. Bxf6 Qxf6 6. Nxd5 Qd6 7. e4 Be6 8.
c4 Bxd5 9. exd5 Qb4+ 10. Qd2 Qb6 11. c5 Bxc5 12. O-O-O Bb4 13. Qe3 Bc5 14. Qe2
O-O-O 15. dxc6 Qxc6 16. Nxe5 Qf6 17. g3 Bxf2 18. Qg4+ Kb8 19. Qf4 Bd4 20. Qxf6
gxf6 21. Nxf7 a6 22. Nxh8 Rxh8 23. Bh3 b5 24. Rhf1 c5 25. b3 Rc8 26. Bxc8 Be5
27. Be6 a5 28. Rf5 Bc7 29. Rxc5 a4 30. Rxb5+ Ka7 31. bxa4 Ka6 32. Bc8+ Ka7 33.
Rb7+ Ka6 34. Rxc7+ Ka5 35. Rd2 h5 36. Rb2 h4 37. Ra7# 1-0

[Event "Challenge"]
[Site "http://www.queenalice.com/game.php?id=720882"]
[Date "2010.1.26"]
[Round "-"]
[White "edugabriel"]
[Black "Andrei_78"]
[Result "0-1"]
[WhiteElo "1580"]
[BlackElo "1621"]

1. e4 e5 2. Bc4 a6 3. Qf3 Qe7 4. d4 Nf6 5. Ne2 d6 6. a4 Bg4 7. Qd3 Nc6 8. d5 Nb4
9. Qb3 c5 10. c3 Bxe2 11. Kxe2 Nxe4 12. cxb4 Qf6 13. f3 Ng5 14. bxc5 Be7 15.
Qxb7 O-O 16. cxd6 Bxd6 17. b3 e4 18. Bxg5 Qxa1 19. Qd7 exf3+ 20. Kxf3 Qe5 21.
Qg4 Be7 22. Bh6 Qf6+ 23. Bf4 Rad8 24. Re1 a5 25. Re5 Bd6 26. Rf5 Qd4 27. h4 Bc5
28. Be3 Qxg4+ 29. Kxg4 Bxe3 30. Nc3 g6 31. Re5 Bd4 32. Re7 Bxc3 33. h5 gxh5+ 34.
Kxh5 Bf6 35. Re4 Bg7 36. d6 Rxd6 37. g4 Rh6+ 38. Kg5 Rg6+ 39. Kh4 Bf6+ 40. Kg3
Bc3 41. g5 Rxg5+ 42. Kf3 h6 43. Bd3 Kg7 44. Rc4 Bb4 45. Rc6 Re8 0-1

[Event "Challenge"]
[Site "http://www.queenalice.com/game.php?id=722876"]
[Date "2010.1.30"]
[Round "-"]
[White "edugabriel"]
[Black "robertson"]
[Result "1-0"]
[WhiteElo "1590"]
[BlackElo "1654"]

1. e4 e5 2. f4 exf4 3. Nf3 Be7 4. Bc4 Nc6 5. d4 g5 6. d5 Nb8 7. Qd4 f6 8. Nxg5
c5 9. dxc6 Qa5+ 10. Qd2 Qxg5 11. O-O Nxc6 12. Qd1 Nh6 13. Nd2 Ne5 14. Be2 d6 15.
Nf3 Nxf3+ 16. Bxf3 Rg8 17. g3 Qc5+ 18. Kh1 Bd8 19. Bxf4 Nf7 20. Bh5 Bc7 21. b4
Qb5 22. a4 Qxb4 23. Qd5 Rf8 24. Bh6 Bd7 25. Bxf8 O-O-O 26. Qxf7 Qxe4+ 27. Bf3
Qxc2 28. Rac1 Qd3 29. Qxf6 Qe3 30. Bxd6 Qb6 31. Rxc7+ Kb8 32. Qxd8+ 1-0

[Event "Challenge"]
[Site "http://www.queenalice.com/game.php?id=724241"]
[Date "2010.2.1"]
[Round "-"]
[White "Andrei_78"]
[Black "edugabriel"]
[Result "0-1"]
[WhiteElo "1635"]
[BlackElo "1560"]

1. e4 e5 2. Nf3 Nc6 3. Bb5 Qf6 4. Bxc6 Qxc6 5. d3 d5 6. Nxe5 Qf6 7. Ng4 Bxg4 8.
Qxg4 dxe4 9. Qxe4+ Be7 10. O-O O-O-O 11. Nd2 Bd6 12. Nf3 Ne7 13. Qg4+ Kb8 14.
Bg5 Qg6 15. Qc4 h6 16. Rae1 hxg5 17. h3 f5 18. Ne5 Bxe5 19. Rxe5 Rh4 20. Rxe7
Rxc4 21. dxc4 g4 22. Re3 f4 23. Rc3 f3 24. hxg4 fxg2 25. Kxg2 Qxg4+ 26. Rg3 Qe4+
27. Rf3 g5 28. Kg3 Qh4+ 29. Kg2 g4 30. Rh1 Qg5 31. Rg3 Qd2 32. Rxg4 Rf8 33. Rf1
Qxc2 34. Re1 Qxf2+ 35. Kh3 Rh8+ 36. Rh4 Qxh4+ 37. Kg2 Qxe1 38. b3 Qe2+ 39. Kg3
Rf8 40. c5 Qf3+ 41. Kh4 Rg8 0-1

[Event "Challenge"]
[Site "http://www.queenalice.com/game.php?id=731234"]
[Date "2010.2.13"]
[Round "-"]
[White "jadetiger7"]
[Black "edugabriel"]
[Result "1-0"]
[WhiteElo "1667"]
[BlackElo "1621"]

1. e4 e5 2. Nf3 d5 3. d4 Nf6 4. exd5 Nxd5 5. Nxe5 Qe7 6. Bc4 f6 7. Bxd5 fxe5 8.
O-O g6 9. Re1 Bg7 10. Bf4 Qb4 11. Bxe5 Bxe5 12. Rxe5+ Kd8 13. Nc3 Nd7 14. Re3
Nb6 15. Qf3 Nxd5 16. Nxd5 Qxd4 17. Rd1 Qxb2 18. Nxc7+ Kxc7 19. Rc3+ Kb6 20. Rd6+
Ka5 21. Rc5+ b5 22. h3 Bf5 23. Qb7 a6 24. Qc7+ Ka4 25. c4 Rhc8 26. Qb6 Rxc5 27.
Qxc5 a5 28. cxb5 1-0

[Event "Challenge"]
[Site "http://www.queenalice.com/game.php?id=731238"]
[Date "2010.2.13"]
[Round "-"]
[White "edugabriel"]
[Black "jadetiger7"]
[Result "0-1"]
[WhiteElo "1599"]
[BlackElo "1681"]

1. e4 e5 2. Nf3 Nc6 3. Bb5 a6 4. Bxc6 bxc6 5. Nxe5 Bb7 6. Qf3 Nf6 7. d3 d6 8.
Ng4 Nxg4 9. Qxg4 d5 10. O-O h5 11. Qe2 Qe7 12. Re1 O-O-O 13. Nc3 dxe4 14. Nxe4
f6 15. Bd2 g5 16. Bc3 Bg7 17. a4 f5 18. Ng3 Qd6 19. Nxf5 Qd5 20. Bxg7 Qxf5 21.
Bxh8 Rxh8 22. b4 c5 23. b5 a5 24. c4 h4 25. d4 g4 26. dxc5 Qxc5 27. Qxg4+ Kb8
28. Rac1 Bc8 29. Qg7 Rf8 30. Re7 Qxf2+ 0-1

[Event "Challenge"]
[Site "http://www.queenalice.com/game.php?id=732353"]
[Date "2010.2.15"]
[Round "-"]
[White "Andrei_78"]
[Black "edugabriel"]
[Result "0-1"]
[WhiteElo "1624"]
[BlackElo "1570"]

1. e4 e5 2. d3 Nf6 3. h3 Nc6 4. Nf3 d5 5. exd5 Nxd5 6. Be2 Nd4 7. Nxe5 Bc5 8.
O-O f6 9. Bh5+ g6 10. Bf3 fxe5 11. Be4 g5 12. Qh5+ Kf8 13. Bxg5 Ne7 14. Bh6+ Kg8
15. Qg5+ Kf7 16. Qg7+ Ke6 17. Nc3 b5 18. Qg4+ Kd6 19. Nxb5+ Nxb5 20. Qg7 Rb8 21.
Qf6+ Be6 22. Bg7 Rg8 23. Qxe5+ Kd7 24. Qxc5 Rxg7 25. a4 Bxh3 26. axb5 Qg8 27.
Qh5 Bxg2 28. Bxg2 Rxg2+ 29. Kh1 Rg5 30. Qh3+ Nf5 31. Qf3 Rh5+ 32. Qxh5 Qd5+ 33.
Kh2 Qe5+ 34. Kg2 Ne3+ 35. fxe3 Qxh5 36. Rh1 Rg8+ 37. Kf2 Qf5+ 38. Ke1 h5 39. Kd2
Qxb5 40. Rh2 Qe5 41. Rf2 Re8 42. Rxa7 Qxe3+ 43. Kc3 Qxf2 44. Ra4 Qf6+ 45. Rd4+
Kc8 46. b4 Rd8 47. Kc4 Qxd4+ 48. Kb3 c5 49. bxc5 Qxc5 0-1

[Event "Challenge"]
[Site "http://www.queenalice.com/game.php?id=737646"]
[Date "2010.2.25"]
[Round "-"]
[White "edugabriel"]
[Black "Andrei_78"]
[Result "0-1"]
[WhiteElo "1591"]
[BlackElo "1624"]

1. e4 e5 2. Nf3 d6 3. d4 exd4 4. Nxd4 Nf6 5. Nc3 c5 6. Nf3 h6 7. h4 Be7 8. b3
Bg4 9. Be2 O-O 10. Nh2 Bxe2 11. Qxe2 Re8 12. Qe3 a6 13. g4 Nc6 14. g5 hxg5 15.
Rg1 Nh7 16. h5 Ne5 17. f4 gxf4 18. Qxf4 g5 19. Qf5 Qa5 20. Bd2 Qd8 21. O-O-O Qa5
22. Rdf1 Bf6 23. Nf3 Re6 24. Nxg5 Nxg5 25. Bxg5 Qxc3 26. Bxf6+ Kf8 27. Bxe5 Qe3+
28. Kd1 Rae8 29. Bg7+ Ke7 30. Qxf7+ Kd8 31. Bf6+ Kc8 32. Rg8 Qxe4 33. Re1 Qxe1#
0-1

[Event "Challenge"]
[Site "http://www.queenalice.com/game.php?id=737648"]
[Date "2010.2.25"]
[Round "-"]
[White "edugabriel"]
[Black "Andrei_78"]
[Result "0-1"]
[WhiteElo "1591"]
[BlackElo "1666"]

1. e4 e5 2. Nf3 d6 3. Nc3 Nf6 4. d4 exd4 5. Nxd4 c5 6. Nf5 Bxf5 7. exf5 Be7 8.
g4 h6 9. Bg2 Qa5 10. Bxb7 O-O 11. Bxa8 Nbd7 12. Qf3 Nb6 13. g5 hxg5 14. Bxg5
Nxa8 15. O-O-O Nc7 16. Rhg1 Nce8 17. Bh6 c4 18. Bxg7 Nxg7 19. Rxg7+ Kxg7 20.
Rg1+ Kh8 21. Qh3+ Nh7 22. f4 Bf6 23. Qh6 Qxf5 24. Ne2 Rg8 25. Ng3 Qg6 26. Qh3 c3
27. bxc3 Bxc3 28. Ne2 Qe4 29. Qxc3+ f6 30. Re1 Rg2 31. Qc8+ Rg8 32. Qd7 Qe3+ 33.
Kd1 Qc5 34. Ng3 Qd5+ 35. Kc1 Qxa2 36. Re7 Qa3+ 37. Kd1 Qf3+ 38. Ke1 Qc3+ 39. Kf2
Qxc2+ 40. Re2 Qc5+ 41. Kg2 Qd5+ 42. Kh3 Nf8 43. Qd8 Qf7 44. Qxd6 Qh7+ 45. Kg2
Ng6 46. f5 Nh4+ 47. Kf2 Nxf5 48. Qxf6+ Ng7 49. h4 a5 50. Re5 Qc2+ 51. Kf3 Qd3+
52. Kg4 Qd4+ 53. Kh3 Qd7+ 54. Rf5 Kh7 55. Qf7 Qe6 56. h5 Qe3 57. Rf6 a4 58. h6
Qg5 59. hxg7 Rxg7 60. Qh5+ Kg8 61. Qxg5 Rxg5 62. Ra6 Rc5 63. Rxa4 Kg7 64. Kg4
Kf6 65. Re4 Rg5+ 66. Kh4 Rg8 67. Kh5 Rxg3 68. Kh6 Rh3+ 0-1

[Event "Challenge"]
[Site "http://www.queenalice.com/game.php?id=739293"]
[Date "2010.3.1"]
[Round "-"]
[White "edugabriel"]
[Black "josealexandreschultz"]
[Result "0-1"]
[WhiteElo "1585"]
[BlackElo "1678"]

1. e4 e5 2. d4 exd4 3. c3 dxc3 4. Bc4 cxb2 5. Bxb2 Bb4+ 6. Bc3 Bxc3+ 7. Nxc3 Nc6
8. Qd5 Qe7 9. Nb5 Kf8 10. Nf3 Nf6 11. Qg5 Qxe4+ 12. Be2 Qb4+ 13. Nd2 h6 14. Qf5
d6 15. Qf3 Bg4 16. Qg3 Re8 17. f3 Qxb5 18. Ne4 Qb4+ 19. Kf2 Qd4+ 20. Ke1 Qxa1+
21. Bd1 Qc3+ 22. Kf1 Qd3+ 23. Be2 Qb1+ 24. Qe1 Qxe1+ 25. Kxe1 Nxe4 26. fxg4 Nc3
0-1

[Event "Challenge"]
[Site "http://www.queenalice.com/game.php?id=744818"]
[Date "2010.3.11"]
[Round "-"]
[White "edugabriel"]
[Black "Andrei_78"]
[Result "0-1"]
[WhiteElo "1604"]
[BlackElo "1668"]

1. d4 d6 2. Bg5 h6 3. Bf4 Nf6 4. c3 Bf5 5. Nd2 Nd5 6. e3 Nxf4 7. exf4 d5 8. g4
Be4 9. f3 Bh7 10. Qb3 b6 11. f5 c6 12. Bg2 Nd7 13. c4 dxc4 14. Qxc4 Qc8 15.
O-O-O b5 16. Qc3 Qa6 17. f4 Rc8 18. a3 Bg8 19. Ngf3 f6 20. g5 Bd5 21. Nh4 hxg5
22. Bxd5 cxd5 23. Qxc8+ Qxc8+ 24. Kb1 Rxh4 25. Rc1 Qb7 26. fxg5 fxg5 27. Nf3 Rg4
28. h3 Rg3 29. Rcf1 Nf6 30. h4 gxh4 31. Rxh4 Qd7 32. Ne5 Qc7 33. Rh8 Ng4 34. Ng6
Nf6 35. Rxf8+ Kd7 36. Re1 Ne4 37. Rf7 Nd2+ 38. Ka1 Ne4 39. Nxe7 Qa5 40. b4 Qxa3+
41. Kb1 Rb3+ 42. Kc2 Qb2+ 43. Kd1 Rd3# 0-1

[Event "Challenge"]
[Site "http://www.queenalice.com/game.php?id=745727"]
[Date "2010.3.13"]
[Round "-"]
[White "Andrei_78"]
[Black "edugabriel"]
[Result "0-1"]
[WhiteElo "1668"]
[BlackElo "1584"]

1. e4 e5 2. d3 Bc5 3. Nf3 Qf6 4. h3 h6 5. Be2 g5 6. O-O d6 7. a3 g4 8. hxg4 h5
9. g5 Qg7 10. Nh4 f6 11. Nf5 Bxf5 12. Bxh5+ Bg6 13. Bxg6+ Qxg6 14. gxf6 Qxf6 15.
Qg4 Nh6 16. Qc8+ Qd8 17. b4 Qxc8 18. bxc5 Rg8 19. Bxh6 Qh3 20. g3 Qxh6 21. Nc3
Rh8 22. Kg2 Qd2 23. Nd5 Qa5 24. cxd6 cxd6 25. Rfb1 b5 26. Nb4 Nd7 27. Nc6 Qb6
28. Nb4 Rf8 29. Rf1 Nf6 30. c3 Ng4 31. Nd5 Qc5 32. f3 Ne3+ 33. Nxe3 Qxe3 34.
Rad1 Rh8 35. c4 bxc4 36. Rfe1 Qh6 37. Rh1 Qg7 38. Rxh8+ Qxh8 39. dxc4 Rb8 40. a4
Rb2+ 41. Kg1 Qh2+ 0-1

[Event "Challenge"]
[Site "http://www.queenalice.com/game.php?id=746467"]
[Date "2010.3.15"]
[Round "-"]
[White "josealexandreschultz"]
[Black "edugabriel"]
[Result "1-0"]
[WhiteElo "1680"]
[BlackElo "1575"]

1. e4 e5 2. Nf3 Nc6 3. Bc4 Qe7 4. Nc3 Nf6 5. h3 h5 6. d3 d6 7. Bg5 a6 8. O-O b5
9. Bb3 g6 10. a3 Bh6 11. Bh4 g5 12. Nxg5 Rg8 13. Nh7 Bxh3 14. Nxf6+ Kf8 15. Nh7+
Ke8 16. Bxe7 Kxe7 17. Qxh5 Bxg2 18. Qxf7+ 1-0

[Event "Challenge"]
[Site "http://www.queenalice.com/game.php?id=748149"]
[Date "2010.3.18"]
[Round "-"]
[White "edugabriel"]
[Black "josealexandreschultz"]
[Result "1-0"]
[WhiteElo "1562"]
[BlackElo "1699"]

1. e4 e5 2. Nf3 Nc6 3. Nc3 Nf6 4. d4 d6 5. d5 Ne7 6. Bg5 Ng6 7. Nb5 a6 8. Nc3
Be7 9. h4 Nh5 10. Nd2 Nf6 11. f3 O-O 12. g4 Ne8 13. Bxe7 Qxe7 14. h5 Nf4 15. h6
g6 16. Ne2 g5 17. Nxf4 gxf4 18. Qe2 Kh8 19. O-O-O Rg8 20. Kb1 Qf6 21. c4 Rg5 22.
b4 c6 23. Qf2 cxd5 24. cxd5 Nc7 25. Rc1 Nb5 26. Nc4 Bd7 27. Nb6 Rd8 28. a4 Nd4
29. Rc7 Qe7 30. Bg2 f6 31. Rxb7 Rgg8 32. Bh3 Ne6 33. Rc1 Nf8 34. Rcc7 Qe8 35.
Qh4 Rg5 36. Ra7 Bxa4 37. Bf1 Bb5 38. Qe1 Rg6 39. Bc4 Rxh6 40. Qc1 Rh3 41. Qf1
Rg3 42. Qh1 Nd7 43. Bxb5 axb5 44. Rxd7 Rxd7 45. Rxd7 Qg6 46. Qc1 Qe8 47. Qc7
Rg1+ 48. Kc2 Rg2+ 49. Kd3 Qg8 50. Rd8 1-0

[Event "Rubinho"]
[Site "http://www.queenalice.com/game.php?id=750716"]
[Date "2010.3.23"]
[Round "-"]
[White "edugabriel"]
[Black "Grandioso"]
[Result "0-1"]
[WhiteElo "1578"]
[BlackElo "1872"]

1. e4 e5 2. Bc4 Nf6 3. Nc3 Bb4 4. Nd5 Nxd5 5. Bxd5 c6 6. Bc4 b5 7. Bb3 Bb7 8. c3
Ba5 9. Qh5 Qf6 10. d4 Bb6 11. Bg5 Qg6 12. Qg4 O-O 13. h4 h5 14. Qg3 Qxe4+ 15.
Ne2 exd4 16. Bh6 Qh7 17. Bd2 Re8 18. Rc1 d3 19. O-O dxe2 20. Rfe1 d5 21. Bc2 g6
22. Bd3 Nd7 23. Bf4 Nf6 24. Qg5 Ng4 25. Bxe2 f6 26. Bxg4 Rxe1+ 27. Rxe1 fxg5 28.
Be6+ Kf8 29. Bd6+ Kg7 30. Bd7 Kh6 31. hxg5+ Kxg5 32. Bh3 Qf7 33. Bg3 Re8 34. Rf1
h4 35. Bxh4+ Kxh4 36. Kh2 Bxf2 37. Rd1 Bg3+ 38. Kg1 Qf2+ 39. Kh1 Re1+ 0-1

[Event "Challenge"]
[Site "http://www.queenalice.com/game.php?id=768208"]
[Date "2010.4.29"]
[Round "-"]
[White "edugabriel"]
[Black "babycrocket"]
[Result "0-1"]
[WhiteElo "1574"]
[BlackElo "1738"]

1. e4 e5 2. Bc4 Nc6 3. Nf3 Be7 4. d3 d6 5. h4 Nf6 6. g4 Bxg4 7. c3 Qd7 8. Nbd2
Na5 9. b4 Nxc4 10. Nxc4 h5 11. Ncd2 O-O-O 12. Qb3 Rdf8 13. a4 Qe6 14. c4 Nd7 15.
Bb2 f5 16. a5 fxe4 17. dxe4 Bxf3 18. Nxf3 Rf4 19. Qd3 Rhf8 20. Ng5 Bxg5 21. hxg5
Qg4 22. Kd2 Rxf2+ 23. Kc3 R2f3 24. Rhg1 Rxd3+ 25. Kxd3 Qf3+ 26. Kc2 Qxe4+ 27.
Kb3 g6 28. b5 Nc5+ 29. Kb4 Nd3+ 30. Kc3 Nxb2 31. Kxb2 Qxc4 32. Rgc1 Rf2+ 33. Ka3
Rf3+ 0-1